| 000 | 01175cam a2200337Ia 4500 | ||
|---|---|---|---|
| 999 |
_c44885 _d44885 |
||
| 001 | 89622 | ||
| 003 | OCoLC | ||
| 005 | 20181214092837.0 | ||
| 008 | 871104s1973 cauc 000 0 eng d | ||
| 035 | _a(OCoLC)16937045 | ||
| 040 |
_aVXM _cVXM _dOCL _dKAT |
||
| 049 | _aKATT | ||
| 100 | 1 |
_aCooper, David L. _q(David Lipscomb), _d1886-1965. |
|
| 240 | 1 | 0 |
_aGod of Israel. _kSelections |
| 245 | 1 | 4 |
_aThe God of Israel / _cby David L. Cooper. |
| 250 | _aAbridged ed. | ||
| 260 |
_aLos Angeles, Calif. : _bBiblical Research Society, _cc1973. |
||
| 300 |
_ax, 102 p. ; _bport. ; _c20 cm. |
||
| 336 | _atext | ||
| 337 | _aunmediated | ||
| 338 | _avolume | ||
| 490 | 1 |
_aMessianic series ; _vno. 1 |
|
| 500 | _aComprises chapters 2-5 of the revised and enlarged edition of The God of Israel, first published in 1945. | ||
| 630 | 0 | 0 |
_aBible. _pOld Testament _xTheology. |
| 650 | 0 |
_aGod _xBiblical teaching. |
|
| 700 | 1 |
_aCooper, David L. _q(David Lipscomb), _d1886-1965. _tGod of Israel. |
|
| 710 | 2 | _aBiblical Research Society. | |
| 830 | 0 |
_aMessianic series ; _vno. 1. |
|
| 942 |
_2lcc _cBK |
||